[Event "Laval op"]
[Site "Laval CAN"]
[Date "2023.06.24"]
[Round "2.24"]
[White "Wu, Yuchen"]
[Black "Yan, Alex Jikai"]
[Result "0-1"]
[WhiteElo "1402"]
[BlackElo "1881"]
[PlyCount "66"]
[EventDate "2023.06.23"]
[EventType "swiss"]
[EventRounds "5"]
[EventCountry "CAN"]

1. e4 c5 2. c3 Nf6 3. e5 Nd5 4. d4 cxd4 5. cxd4 e6 6. Nf3 Nc6 7. Bc4 Nb6 8. Bb3
d6 9. O-O Be7 10. Bf4 O-O 11. Nc3 f6 12. Bg3 fxe5 13. dxe5 d5 14. a3 Bd7 15.
Re1 Rc8 16. Qe2 Be8 17. Rad1 Bh5 18. Ne4 Na5 19. Ba2 Qd7 20. Nd6 Bxd6 21. exd6
Bxf3 22. gxf3 Rce8 23. Rc1 Nac4 24. Bxc4 Nxc4 25. Rxc4 dxc4 26. Qxc4 Rxf3 27.
Qc7 Rf7 28. Rd1 e5 29. Qc5 h5 30. Bxe5 Qg4+ 31. Bg3 Qxd1+ 32. Kg2 Qf3+ 33. Kg1
Re1# 0-1

[Event "Laval op"]
[Site "Laval CAN"]
[Date "2023.06.24"]
[Round "2.25"]
[White "Duval, Mathieu"]
[Black "Ouni, Iheb"]
[Result "1-0"]
[WhiteElo "1865"]
[BlackElo "959"]
[PlyCount "105"]
[EventDate "2023.06.23"]
[EventType "swiss"]
[EventRounds "5"]
[EventCountry "CAN"]

1. d4 c6 2. c4 d5 3. Nc3 dxc4 4. e4 b5 5. a4 b4 6. Na2 b3 7. Nc3 Ba6 8. d5 e6
9. Nf3 Bb4 10. Bd2 cxd5 11. exd5 exd5 12. Nxd5 Bxd2+ 13. Qxd2 Nc6 14. Qe3+ Nge7
15. O-O-O Kf8 16. Nf6 Qa5 17. Nd7+ Ke8 18. Qg5 Qxg5+ 19. Nxg5 Rd8 20. Nc5 Rxd1+
21. Kxd1 h6 22. Nxa6 hxg5 23. Bxc4 Na5 24. Bb5+ Nec6 25. Re1+ Kd7 26. Nc5+ Kd6
27. Ne4+ Kc7 28. h3 f5 29. Nxg5 Rd8+ 30. Kc1 Kb6 31. Ne6 Rc8 32. Nxg7 Nd4+ 33.
Kd1 Nxb5 34. axb5 Kxb5 35. Nxf5 Rd8+ 36. Ke2 Nc4 37. Kf3 Rd2 38. Re7 a5 39.
Rb7+ Ka4 40. h4 Rxb2 41. Nd4 Ka3 42. Nb5+ Ka2 43. Nc3+ Ka1 44. Kf4 Rxf2+ 45.
Kg3 Rb2 46. h5 Nd6 47. Rb6 Nc4 48. Rb5 a4 49. Nxa4 Ka2 50. Nxb2 Kxb2 51. h6 Ka2
52. h7 b2 53. h8=Q 1-0

[Event "Laval op"]
[Site "Laval CAN"]
[Date "2023.06.24"]
[Round "2.26"]
[White "Kember, Jonah"]
[Black "Deschamps, Martin"]
[Result "1-0"]
[WhiteElo "1251"]
[BlackElo "1845"]
[PlyCount "95"]
[EventDate "2023.06.23"]
[EventType "swiss"]
[EventRounds "5"]
[EventCountry "CAN"]

1. d4 Nf6 2. c4 c5 3. d5 e6 4. Nc3 exd5 5. cxd5 d6 6. Nf3 g6 7. Bf4 Bg7 8. e3
O-O 9. h3 a6 10. a4 Re8 11. Be2 Bf5 12. O-O Ne4 13. Rc1 Qb6 14. Bd3 Nd7 15. Nh4
Nxc3 16. bxc3 Bxd3 17. Qxd3 Ne5 18. Bxe5 Bxe5 19. Nf3 Bg7 20. c4 Rab8 21. Rb1
Qa5 22. Qb3 b5 23. axb5 axb5 24. cxb5 Rb6 25. Qc4 Reb8 26. Qf4 h6 27. e4 Qa4
28. Nd2 g5 29. Qg4 Qd4 30. Rfd1 Qf6 31. Qe2 Qf4 32. Rb3 Be5 33. g3 Qf6 34. Rf3
Qe7 35. Rb1 Qd7 36. Rfb3 Qxh3 37. Nf3 Qg4 38. Qe1 Bg7 39. e5 c4 40. Re3 Rxb5
41. Rxb5 Rxb5 42. e6 fxe6 43. dxe6 Kf8 44. Nh2 Qd4 45. Qe2 Rf5 46. e7+ Ke8 47.
Qh5+ Rf7 48. Qxf7+ 1-0

[Event "Laval op"]
[Site "Laval CAN"]
[Date "2023.06.24"]
[Round "3.3"]
[White "Adam, Rafael"]
[Black "Ouellet, Maili-Jade"]
[Result "0-1"]
[WhiteElo "2206"]
[BlackElo "2343"]
[PlyCount "88"]
[EventDate "2023.06.23"]
[EventType "swiss"]
[EventRounds "5"]
[EventCountry "CAN"]

1. d4 Nf6 2. c4 e6 3. g3 d5 4. Nf3 Bb4+ 5. Bd2 Be7 6. Bg2 O-O 7. O-O Nbd7 8.
Qc2 c6 9. Bf4 Ne4 10. Nc3 g5 11. Bc1 f5 12. b3 h5 13. Nxe4 dxe4 14. Ne5 Nxe5
15. dxe5 Rf7 16. Bb2 Qf8 17. Rad1 Qh6 18. e3 h4 19. Rfe1 Rh7 20. Rd2 b6 21.
Red1 hxg3 22. hxg3 Kf7 23. Rd6 Bxd6 24. exd6 Bd7 25. Be5 Qh5 26. a4 a5 27. c5
bxc5 28. Rc1 Qh2+ 29. Kf1 Bc8 30. Qxc5 Ba6+ 31. Rc4 Bxc4+ 32. bxc4 Qh5 33. Ke1
Kg8 34. Qb6 Qe8 35. Ke2 c5 36. Qxc5 Qxa4 37. Bc3 Qc2+ 38. Bd2 Qd3+ 39. Ke1 Rb8
40. Bc1 Rb1 41. Qc8+ Kg7 42. Qd7+ Kh6 43. Qxe6+ Kh5 44. Qe8+ Kg4 0-1

[Event "Laval op"]
[Site "Laval CAN"]
[Date "2023.06.24"]
[Round "3.5"]
[White "Dukic, Zachary"]
[Black "Wang, Derek"]
[Result "1-0"]
[WhiteElo "2340"]
[BlackElo "2109"]
[PlyCount "79"]
[EventDate "2023.06.23"]
[EventType "swiss"]
[EventRounds "5"]
[EventCountry "CAN"]

1. e4 c5 2. Nf3 e6 3. d4 cxd4 4. Nxd4 Nf6 5. Nc3 Nc6 6. Nxc6 bxc6 7. e5 Nd5 8.
Ne4 Ba6 9. c4 Bb4+ 10. Bd2 Qh4 11. g4 Ne3 12. Qf3 Bxd2+ 13. Kxd2 Nxf1+ 14.
Raxf1 O-O 15. b3 Qe7 16. g5 Qa3 17. Qd3 Qb2+ 18. Ke3 Qxe5 19. f4 Qc7 20. Rhg1
Kh8 21. Qd6 Qxd6 22. Nxd6 g6 23. Kd4 Kg7 24. Kc5 Rab8 25. b4 Rfd8 26. Rg3 Rf8
27. Ra3 Rb6 28. Re3 Rfb8 29. a3 Bb7 30. a4 Ba8 31. Rb1 a5 32. b5 Kf8 33. Rh3
Kg7 34. Rbb3 cxb5 35. axb5 Bg2 36. Rhc3 Kf8 37. Ra3 Bc6 38. Rxa5 Kg7 39. Ra7
Kf8 40. Rc7 1-0

[Event "Laval op"]
[Site "Laval CAN"]
[Date "2023.06.24"]
[Round "3.6"]
[White "Guillemette, Hugo"]
[Black "Masse, Hugues"]
[Result "1/2-1/2"]
[WhiteElo "2203"]
[BlackElo "2261"]
[PlyCount "109"]
[EventDate "2023.06.23"]
[EventType "swiss"]
[EventRounds "5"]
[EventCountry "CAN"]

1. e4 e5 2. Nf3 Nc6 3. Bb5 a6 4. Ba4 Nf6 5. O-O b5 6. Bb3 Bc5 7. a4 Rb8 8. Re1
d6 9. h3 O-O 10. c3 Bb7 11. d4 Bb6 12. axb5 axb5 13. Na3 Na5 14. Bc2 exd4 15.
Nxb5 dxc3 16. Nxc3 h6 17. Na4 Ba7 18. b4 Nc6 19. Bd2 Nd4 20. Nxd4 Bxd4 21. Bc3
Bxc3 22. Nxc3 Ra8 23. Qd3 Qd7 24. Nd5 Bxd5 25. exd5 Rfe8 26. Qc4 Rxe1+ 27. Rxe1
Kf8 28. b5 Rb8 29. Bd3 Ra8 30. Rc1 Ra7 31. Qd4 Ra8 32. f4 Qe7 33. Kh2 Ne8 34.
Rc2 Qf6 35. Qe4 g6 36. Rc6 g5 37. Ra6 Rb8 38. fxg5 hxg5 39. Ra7 Rd8 40. Qf5
Qe5+ 41. Kh1 Qxf5 42. Bxf5 Ng7 43. Bd3 Ne8 44. g4 Kg7 45. Kg2 Kf6 46. Kg3 Rb8
47. Ra1 Ng7 48. Rf1+ Ke7 49. Rc1 Rb7 50. Re1+ Kf6 51. Rf1+ Ke7 52. h4 gxh4+ 53.
Kxh4 Ra7 54. Rc1 Ne8 55. Re1+ 1/2-1/2

[Event "Laval op"]
[Site "Laval CAN"]
[Date "2023.06.24"]
[Round "3.7"]
[White "Zhu, Hong Rui"]
[Black "Moses, Neil"]
[Result "1-0"]
[WhiteElo "2259"]
[BlackElo "2029"]
[PlyCount "111"]
[EventDate "2023.06.23"]
[EventType "swiss"]
[EventRounds "5"]
[EventCountry "CAN"]

1. e4 c5 2. Nf3 Nc6 3. d4 cxd4 4. Nxd4 Nf6 5. Nc3 e5 6. Ndb5 d6 7. Bg5 a6 8.
Na3 b5 9. Bxf6 gxf6 10. Nd5 Be7 11. c3 f5 12. exf5 Bxf5 13. Nc2 O-O 14. Be2 Be6
15. O-O f5 16. f4 Bf6 17. a4 bxa4 18. Rxa4 a5 19. Nce3 Bg7 20. Bd3 Ne7 21.
Nxe7+ Qxe7 22. Bc4 e4 23. Bxe6+ Qxe6 24. Qd5 Qxd5 25. Nxd5 Rab8 26. Rf2 Rb5 27.
Rd2 Kf7 28. Ne3 Ke6 29. g4 d5 30. gxf5+ Rxf5 31. Nxf5 Kxf5 32. Rf2 Bh6 33. c4
dxc4 34. Rxc4 Bg7 35. Rg2 Bh6 36. Rc7 Kxf4 37. Rxh7 Bg5 38. Rh5 Re5 39. Rhxg5
Rxg5 40. Rxg5 Kxg5 41. Kf2 Kf4 42. Ke2 Kf5 43. Ke3 a4 44. h4 Ke5 45. h5 Kf5 46.
h6 Kg6 47. Kxe4 Kxh6 48. Kd4 Kg6 49. Kc5 Kf6 50. Kb4 Ke6 51. Kxa4 Kd6 52. Kb5
Kc7 53. Ka6 Kb8 54. b4 Ka8 55. b5 Kb8 56. Kb6 1-0

[Event "Laval op"]
[Site "Laval CAN"]
[Date "2023.06.24"]
[Round "3.8"]
[White "Pomerantz, Daniel"]
[Black "Wang, Isabelle"]
[Result "1-0"]
[WhiteElo "2217"]
[BlackElo "1748"]
[PlyCount "53"]
[EventDate "2023.06.23"]
[EventType "swiss"]
[EventRounds "5"]
[EventCountry "CAN"]

1. e4 e5 2. Nf3 Nc6 3. Bb5 a6 4. Ba4 Nf6 5. d3 b5 6. Bb3 Be7 7. a4 Bb7 8. Nc3
b4 9. Nd5 d6 10. O-O a5 11. c3 bxc3 12. bxc3 O-O 13. Nxe7+ Nxe7 14. Bg5 Ng6 15.
Nh4 d5 16. Qf3 Nxh4 17. Bxh4 c6 18. Rab1 Rb8 19. Rfe1 Qd6 20. Bc2 Nd7 21. d4 c5
22. dxe5 Nxe5 23. Qf4 Nc4 24. Qxd6 Nxd6 25. Be7 Rfd8 26. Bxd8 Rxd8 27. e5 1-0

[Event "Laval op"]
[Site "Laval CAN"]
[Date "2023.06.24"]
[Round "3.9"]
[White "Nunez-Painchaud, Raphael"]
[Black "Mok, Yuen Tak"]
[Result "1-0"]
[WhiteElo "2290"]
[BlackElo "2071"]
[PlyCount "83"]
[EventDate "2023.06.23"]
[EventType "swiss"]
[EventRounds "5"]
[EventCountry "CAN"]

1. e4 c6 2. c4 d5 3. exd5 cxd5 4. cxd5 Nf6 5. Nc3 Nxd5 6. Nf3 g6 7. Qb3 Nb6 8.
Bb5+ Bd7 9. Ne5 e6 10. d4 Bg7 11. Ne4 Bc6 12. Nxf7 Kxf7 13. Ng5+ Ke8 14. Nxe6
Qd7 15. Nxg7+ Qxg7 16. O-O Bxb5 17. Re1+ Kf8 18. Qxb5 Nc6 19. d5 Ne7 20. d6 Nc6
21. Bd2 Rg8 22. a4 Qd4 23. Bh6+ Kf7 24. a5 Qc4 25. Qg5 Rae8 26. axb6 axb6 27.
Rec1 Qe4 28. Rd1 Re5 29. Qf4+ Ke6 30. Qxe4 Rxe4 31. Bg5 Re5 32. Bf4 Rf5 33. Ra4
Rd8 34. Re4+ Kf7 35. d7 Ra8 36. g4 Rb5 37. Bc7 Rxb2 38. d8=Q Nxd8 39. Bxd8 Raa2
40. Re7+ Kg8 41. Bxb6 Kf8 42. Bc5 1-0

[Event "Laval op"]
[Site "Laval CAN"]
[Date "2023.06.24"]
[Round "3.10"]
[White "Sekki, Abderaouf"]
[Black "Latorre, Vincent"]
[Result "0-1"]
[WhiteElo "1896"]
[BlackElo "2203"]
[PlyCount "68"]
[EventDate "2023.06.23"]
[EventType "swiss"]
[EventRounds "5"]
[EventCountry "CAN"]

1. d4 Nf6 2. c4 e6 3. Nf3 c5 4. d5 exd5 5. cxd5 g6 6. Nc3 d6 7. Bf4 Bg7 8. Qa4+
Bd7 9. Qb3 b5 10. Bxd6 Qb6 11. Be5 O-O 12. e3 b4 13. Na4 Qa5 14. Nc3 bxc3 15.
Bxc3 Qb6 16. Qc2 Nxd5 17. Bxg7 Kxg7 18. O-O-O Nf6 19. Bd3 Nc6 20. a3 Be6 21.
Qc3 Qa5 22. Qc2 Rab8 23. Bc4 Bxc4 24. Qxc4 Qb5 25. Qxb5 Rxb5 26. Rd6 Na5 27.
Ne5 Rfb8 28. Rxf6 Kxf6 29. Nd7+ Ke6 30. Nxb8 Rxb8 31. Kc2 Nc4 32. Rd1 h5 33. a4
Rb4 34. Kc3 Nd6 0-1

[Event "Laval op"]
[Site "Laval CAN"]
[Date "2023.06.24"]
[Round "3.11"]
[White "Saha, Ananda"]
[Black "Zhe, Jia"]
[Result "1/2-1/2"]
[WhiteElo "2181"]
[BlackElo "1894"]
[PlyCount "102"]
[EventDate "2023.06.23"]
[EventType "swiss"]
[EventRounds "5"]
[EventCountry "CAN"]

1. e4 c6 2. Nf3 d5 3. Nc3 dxe4 4. Nxe4 Bf5 5. Ng3 Bg6 6. h4 h6 7. d4 Nf6 8. Bd3
Bxd3 9. Qxd3 Nbd7 10. Bd2 e6 11. O-O-O Qc7 12. Kb1 O-O-O 13. Rhe1 Bd6 14. Ne4
Nxe4 15. Qxe4 Nf6 16. Qe2 Nd5 17. c4 Nf4 18. Bxf4 Bxf4 19. g3 Bd6 20. c5 Be7
21. Ne5 Bf6 22. Qe4 Bxe5 23. dxe5 Rd5 24. Rxd5 cxd5 25. Qd4 Kb8 26. Rc1 Rc8 27.
f4 Qa5 28. Rc3 Rc6 29. a3 Qb5 30. Ka2 Kc7 31. g4 b6 32. cxb6+ Qxb6 33. Rxc6+
Kxc6 34. Qd2 Qc5 35. h5 Kd7 36. b3 Qg1 37. Qe2 Ke7 38. b4 d4 39. Kb2 Qh1 40.
Qc4 Qe4 41. Qc7+ Ke8 42. Qb8+ Ke7 43. Qxa7+ Ke8 44. Qb8+ Ke7 45. Qc7+ Ke8 46.
Qc8+ Ke7 47. Qc5+ Ke8 48. b5 Qe2+ 49. Kb3 d3 50. Qc8+ Ke7 51. Qc7+ Ke8 1/2-1/2

[Event "Laval op"]
[Site "Laval CAN"]
[Date "2023.06.24"]
[Round "3.12"]
[White "Yan, Alex Jikai"]
[Black "Kot, Emanuel"]
[Result "1/2-1/2"]
[WhiteElo "1881"]
[BlackElo "2168"]
[PlyCount "80"]
[EventDate "2023.06.23"]
[EventType "swiss"]
[EventRounds "5"]
[EventCountry "CAN"]

1. e4 c5 2. Nf3 d6 3. Bb5+ Nd7 4. O-O a6 5. Bd3 b5 6. c3 Bb7 7. Bc2 Ngf6 8. Re1
e5 9. d3 g6 10. a4 Qb6 11. axb5 axb5 12. Rxa8+ Bxa8 13. Na3 Bg7 14. h3 O-O 15.
Be3 d5 16. exd5 Nxd5 17. c4 Nxe3 18. fxe3 b4 19. Nb1 f5 20. e4 Qd6 21. Nbd2 Bc6
22. Nb3 Ba4 23. Na1 Bc6 24. Nb3 Bh6 25. Qe2 Bf4 26. Ra1 Ra8 27. Qe1 Rxa1 28.
Qxa1 Be3+ 29. Kh2 Qb8 30. Qe1 Bd4 31. Nbxd4 exd4+ 32. Qg3 f4 33. Qg4 Qd6 34. g3
fxg3+ 35. Qxg3 Qxg3+ 36. Kxg3 h6 37. Kf4 Kf7 38. Ne5+ Nxe5 39. Kxe5 Ke7 40. h4
Ba8 1/2-1/2

[Event "Laval op"]
[Site "Laval CAN"]
[Date "2023.06.24"]
[Round "3.13"]
[White "Genzling, Jerome"]
[Black "Duval, Mathieu"]
[Result "1/2-1/2"]
[WhiteElo "2136"]
[BlackElo "1865"]
[PlyCount "101"]
[EventDate "2023.06.23"]
[EventType "swiss"]
[EventRounds "5"]
[EventCountry "CAN"]

1. e4 c5 2. Nf3 d6 3. d4 cxd4 4. Nxd4 g6 5. g3 Bg7 6. Bg2 Nf6 7. Nc3 O-O 8. h3
Bd7 9. O-O Nc6 10. Be3 Ne5 11. Kh2 Rc8 12. Nde2 a6 13. a4 Nc4 14. Bc1 Qb6 15.
b3 Ne5 16. a5 Qc5 17. Kg1 Be6 18. Be3 Qc7 19. Qd2 Ned7 20. Bd4 Nh5 21. g4 Bxd4
22. Qxd4 Nf4 23. Rfc1 Qc5 24. Qd2 Nxg2 25. Kxg2 h5 26. f3 Nf6 27. Na4 Qb5 28.
Nb6 Rc7 29. c4 Qe5 30. Qd4 hxg4 31. hxg4 Qxd4 32. Nxd4 Nd7 33. Rh1 Kg7 34. Rh2
Rh8 35. Rxh8 Kxh8 36. Nxe6 fxe6 37. Nxd7 Rxd7 38. Kf2 e5 39. Ra4 Kg7 40. Rb4
Rc7 41. Ke3 Kf6 42. Kf2 g5 43. Ke3 Ke6 44. Kd3 Kf6 45. Rb6 Ke6 46. b4 Kd7 47.
Kc3 Kc8 48. Kb3 Kb8 49. Kc3 Ka7 50. Kb3 Rc6 51. Rxc6 1/2-1/2

[Event "Laval op"]
[Site "Laval CAN"]
[Date "2023.06.24"]
[Round "3.14"]
[White "Gonzalez, Daniel"]
[Black "Robichaud, Louis"]
[Result "0-1"]
[WhiteElo "1851"]
[BlackElo "2127"]
[PlyCount "106"]
[EventDate "2023.06.23"]
[EventType "swiss"]
[EventRounds "5"]
[EventCountry "CAN"]

1. c4 Nf6 2. g3 g6 3. Bg2 Bg7 4. Nc3 O-O 5. d3 d6 6. Nf3 e5 7. Bd2 Nc6 8. Rb1
a5 9. b3 Re8 10. O-O h6 11. a3 e4 12. Ne1 exd3 13. Nxd3 Bf5 14. Rc1 Nd4 15. Be3
Ne4 16. Nxe4 Bxe4 17. Bxe4 Rxe4 18. Bxd4 Bxd4 19. e3 Bg7 20. Qf3 Qe7 21. c5 d5
22. c6 b6 23. Nf4 Rd8 24. Rcd1 d4 25. exd4 Rdxd4 26. Rxd4 Rxd4 27. Rd1 Qxa3 28.
Rxd4 Bxd4 29. Qd5 Qb2 30. Qf3 Kg7 31. Kg2 Qc2 32. Ne2 Be5 33. Nf4 Bd4 34. Ne2
Bf6 35. Nf4 b5 36. Qd5 a4 37. bxa4 bxa4 38. Qd7 Qe4+ 39. f3 Qe7 40. Nd5 Qxd7
41. cxd7 Bd8 42. Kf2 a3 43. Nc3 Kf8 44. Ke2 Ke7 45. Kd3 Kxd7 46. Kc4 Be7 47.
Kb3 c6 48. Ne2 Ke6 49. Nd4+ Kd5 50. Ne2 Bd6 51. Kc3 c5 52. Kb3 c4+ 53. Kc3 Be5+
0-1

[Event "Laval op"]
[Site "Laval CAN"]
[Date "2023.06.24"]
[Round "3.15"]
[White "Baran, Marius"]
[Black "Constantin, David"]
[Result "0-1"]
[WhiteElo "1803"]
[BlackElo "2121"]
[PlyCount "66"]
[EventDate "2023.06.23"]
[EventType "swiss"]
[EventRounds "5"]
[EventCountry "CAN"]

1. d4 d5 2. c4 c6 3. cxd5 cxd5 4. Nf3 Nf6 5. Nc3 Nc6 6. Bf4 a6 7. e3 Bf5 8. Bd3
Bxd3 9. Qxd3 e6 10. a3 Rc8 11. O-O Na5 12. b4 Nc4 13. Na4 b6 14. Rfc1 Bd6 15.
Bxd6 Qxd6 16. Rc2 O-O 17. Rac1 Qd7 18. Qb3 Ne4 19. Ne5 Qb7 20. Nc3 Ned6 21. Nd3
f6 22. a4 e5 23. dxe5 fxe5 24. Qa2 Qf7 25. a5 bxa5 26. bxa5 Kh8 27. Nb4 d4 28.
exd4 exd4 29. Nd1 Rce8 30. f3 Re1+ 31. Kf2 Rfe8 32. Qa1 Qf6 33. Nd3 Qh4+ 0-1

[Event "Laval op"]
[Site "Laval CAN"]
[Date "2023.06.24"]
[Round "3.16"]
[White "Chapdelaine, Gwyn"]
[Black "Chasles, Jean-Benoit"]
[Result "1/2-1/2"]
[WhiteElo "2110"]
[BlackElo "1806"]
[PlyCount "85"]
[EventDate "2023.06.23"]
[EventType "swiss"]
[EventRounds "5"]
[EventCountry "CAN"]

1. e4 c5 2. Nc3 Nc6 3. Bb5 Nd4 4. Nf3 Nxb5 5. Nxb5 d6 6. d4 a6 7. Nc3 cxd4 8.
Qxd4 e6 9. O-O Ne7 10. Bg5 Nc6 11. Qd2 f6 12. Bf4 e5 13. Be3 Be6 14. Nd5 Bxd5
15. Qxd5 Qc7 16. Rad1 Qf7 17. Qxf7+ Kxf7 18. Bb6 Rc8 19. c3 Be7 20. Nh4 g6 21.
Nf3 f5 22. Nd2 Bd8 23. Nc4 Bxb6 24. Nxb6 Rcd8 25. f3 Ke6 26. Rd2 fxe4 27. fxe4
Rhf8 28. Rdf2 Rxf2 29. Rxf2 Ne7 30. c4 Rg8 31. b3 h5 32. h3 g5 33. Nd5 Nxd5 34.
cxd5+ Ke7 35. Rf5 h4 36. g4 b6 37. Kf2 Rf8 38. Rxf8 Kxf8 39. Ke3 Ke7 40. Kd3
Kd7 41. b4 Kc7 42. a4 b5 43. a5 1/2-1/2

[Event "Laval op"]
[Site "Laval CAN"]
[Date "2023.06.24"]
[Round "3.17"]
[White "Boulay, David"]
[Black "Wang, Rachel"]
[Result "1-0"]
[WhiteElo "2036"]
[BlackElo "1842"]
[PlyCount "93"]
[EventDate "2023.06.23"]
[EventType "swiss"]
[EventRounds "5"]
[EventCountry "CAN"]

1. d4 d5 2. c4 dxc4 3. Nf3 Nf6 4. e3 e6 5. Bxc4 c5 6. O-O Nc6 7. Nc3 cxd4 8.
exd4 Be7 9. Be3 O-O 10. Qe2 Na5 11. Bd3 b6 12. Rfd1 Bb7 13. Rac1 Nd5 14. Ba6
Rc8 15. Bxb7 Nxb7 16. Nxd5 Qxd5 17. Qa6 Nd6 18. Qxa7 Qb7 19. Qxb7 Nxb7 20. Rxc8
Rxc8 21. Rc1 Rxc1+ 22. Bxc1 Kf8 23. Kf1 Bd6 24. Ke2 Na5 25. Kd3 b5 26. Bd2 Nc6
27. b3 Ke7 28. a4 Na7 29. Be3 bxa4 30. bxa4 Nc6 31. Kc4 Kd7 32. Kb5 Kc7 33. h3
Ne7 34. Ng5 Nd5 35. a5 Kb7 36. Nxf7 Bc7 37. Ng5 Nc3+ 38. Kc4 Bxa5 39. Nxe6 Ne4
40. Nxg7 Kc6 41. Ne6 Kd6 42. d5 Nf6 43. Bf4+ Kd7 44. f3 Bb6 45. Bg5 Ne8 46.
Nf8+ Kd6 47. Nxh7 1-0

[Event "Laval op"]
[Site "Laval CAN"]
[Date "2023.06.24"]
[Round "3.18"]
[White "Avarian, Aram Sevag"]
[Black "McBain, Robert"]
[Result "1-0"]
[WhiteElo "2002"]
[BlackElo "1260"]
[PlyCount "61"]
[EventDate "2023.06.23"]
[EventType "swiss"]
[EventRounds "5"]
[EventCountry "CAN"]

1. e4 e6 2. d4 d5 3. Bd3 dxe4 4. Bxe4 Nf6 5. Bf3 Nc6 6. Ne2 Qd7 7. O-O b6 8.
Re1 Be7 9. c4 Bb7 10. Be3 O-O 11. a3 Na5 12. Bxb7 Nxb7 13. Nbc3 Rfd8 14. Qc2 c5
15. dxc5 Nxc5 16. Rad1 Qc6 17. Ng3 Rac8 18. Rxd8+ Rxd8 19. Rd1 Rxd1+ 20. Qxd1
Qd6 21. Qf3 Qd8 22. h3 Nfd7 23. Bxc5 Nxc5 24. b4 Bf6 25. bxc5 bxc5 26. Nce4 Bd4
27. Ne2 Be5 28. g3 Qd1+ 29. Kg2 Bd4 30. N4c3 Bxc3 31. Qa8+ 1-0

[Event "Laval op"]
[Site "Laval CAN"]
[Date "2023.06.24"]
[Round "3.19"]
[White "Turcotte, Jonathan"]
[Black "Kember, Jonah"]
[Result "1-0"]
[WhiteElo "1998"]
[BlackElo "1251"]
[PlyCount "105"]
[EventDate "2023.06.23"]
[EventType "swiss"]
[EventRounds "5"]
[EventCountry "CAN"]

1. d4 Nf6 2. c4 e6 3. Nf3 d5 4. Nc3 Bb4 5. Bg5 h6 6. Bxf6 Qxf6 7. Qa4+ Nc6 8.
e3 Bxc3+ 9. bxc3 dxc4 10. Ne5 Qd8 11. Bxc4 Bd7 12. Nxd7 Qxd7 13. Bb5 O-O 14.
Rb1 a6 15. Bxc6 Qxc6 16. Qxc6 bxc6 17. Kd2 Rab8 18. Rb3 Rb6 19. Rhb1 Rfb8 20.
Kd3 Kf8 21. Kc4 Ke7 22. Kc5 Rb5+ 23. Rxb5 cxb5 24. c4 c6 25. a4 f5 26. f3 g6
27. Rb2 Kd7 28. e4 f4 29. d5 Rc8 30. dxe6+ Kxe6 31. a5 bxc4 32. Kxc4 Kd6 33.
Rb6 Ra8 34. Rb7 Re8 35. Rb6 Ra8 36. h4 g5 37. h5 Ra7 38. Kd4 Rd7 39. Rxa6 Kc7+
40. Kc5 Rd2 41. Rxc6+ Kb7 42. Rb6+ Ka7 43. Rxh6 Rxg2 44. Rg6 g4 45. fxg4 f3 46.
Kd4 f2 47. Rf6 Rxg4 48. Rxf2 Rh4 49. Rf5 Ka6 50. Ke3 Ka7 51. Kf3 Ka6 52. Re5
Rh1 53. Kg4 1-0

[Event "Laval op"]
[Site "Laval CAN"]
[Date "2023.06.24"]
[Round "3.20"]
[White "Hu, Raymond"]
[Black "Di Matteo, Alessio"]
[Result "1/2-1/2"]
[WhiteElo "1662"]
[BlackElo "1986"]
[PlyCount "103"]
[EventDate "2023.06.23"]
[EventType "swiss"]
[EventRounds "5"]
[EventCountry "CAN"]

1. e4 c5 2. Nf3 e6 3. c3 Nf6 4. e5 Nd5 5. Bc4 Nb6 6. Bb3 Nc6 7. d4 cxd4 8. cxd4
d6 9. O-O dxe5 10. dxe5 Qc7 11. Re1 Be7 12. Nc3 a6 13. Qe2 Bd7 14. Bf4 Bb4 15.
Rac1 h6 16. Qe4 Rc8 17. a3 Be7 18. Ne2 Qb8 19. Be3 Na8 20. Qg4 g5 21. Qh5 Rg8
22. Qxh6 g4 23. Qh7 Rf8 24. Ng5 Qxe5 25. Qe4 Qxb2 26. Rb1 Qg7 27. Qxg4 Bxa3 28.
Bd4 e5 29. Qg3 Be7 30. Be3 Nc7 31. h4 Nb5 32. Bd5 Nd6 33. Qh2 Nf5 34. Bd2 b5
35. Ng3 Bd6 36. Nxf5 Bxf5 37. Bc3 Bxb1 38. Bxc6+ Rxc6 39. Bxe5 Bxe5 40. Rxe5+
Kd8 41. Re1 Bc2 42. Qb8+ Kd7 43. Qb7+ Kd6 44. Qe7+ Kd5 45. Nf3 Rfc8 46. Re5+
Kc4 47. Nd2+ Kd4 48. Nf3+ Kc4 49. Nd2+ Kd4 50. Nf3+ Kc4 51. Nd2+ Kd4 52. Nf3+
1/2-1/2

[Event "Laval op"]
[Site "Laval CAN"]
[Date "2023.06.24"]
[Round "3.21"]
[White "St-Germain, Jack"]
[Black "Nunez, Omar"]
[Result "1/2-1/2"]
[WhiteElo "1618"]
[BlackElo "1965"]
[PlyCount "40"]
[EventDate "2023.06.23"]
[EventType "swiss"]
[EventRounds "5"]
[EventCountry "CAN"]

1. a3 g6 2. c4 Bg7 3. d4 f5 4. Nf3 d6 5. Nc3 Nf6 6. Bg5 O-O 7. e3 a6 8. Bd3 Nc6
9. O-O e5 10. dxe5 dxe5 11. Be2 Qe8 12. Nd5 Nxd5 13. cxd5 Nd8 14. Rc1 Nf7 15.
Rxc7 e4 16. Re7 exf3 17. Rxe8 Rxe8 18. Bxf3 Nxg5 19. d6 Nxf3+ 20. Qxf3 Re4
1/2-1/2

[Event "Laval op"]
[Site "Laval CAN"]
[Date "2023.06.24"]
[Round "3.22"]
[White "Jiang, Barron Jiyu"]
[Black "Perna-Fraser, David"]
[Result "1-0"]
[WhiteElo "2014"]
[BlackElo "1936"]
[PlyCount "69"]
[EventDate "2023.06.23"]
[EventType "swiss"]
[EventRounds "5"]
[EventCountry "CAN"]

1. e4 e5 2. Nf3 Nf6 3. Nc3 Bb4 4. d3 d5 5. exd5 Nxd5 6. Bd2 Bxc3 7. bxc3 O-O 8.
Be2 Nc6 9. O-O Nf4 10. Bxf4 exf4 11. d4 Re8 12. Rb1 Qe7 13. Bd3 Qf6 14. h3 Rb8
15. Nd2 Bf5 16. Qf3 Bxd3 17. cxd3 Qd6 18. Ne4 Qa3 19. Qxf4 Qxa2 20. Qxc7 Rec8
21. Qg3 Rd8 22. d5 Ne7 23. c4 a6 24. Nf6+ Kh8 25. Nd7 Nf5 26. Qf4 Nd4 27. Qxf7
Ne2+ 28. Kh1 Rxd7 29. Qxd7 Rf8 30. Qe7 Kg8 31. Rxb7 Ng3+ 32. fxg3 Rxf1+ 33. Kh2
Qa1 34. Rb8+ Rf8 35. Rxf8# 1-0

[Event "Laval op"]
[Site "Laval CAN"]
[Date "2023.06.24"]
[Round "3.23"]
[White "Goldner, John"]
[Black "Deboosere, Adam"]
[Result "0-1"]
[WhiteElo "1667"]
[BlackElo "1998"]
[PlyCount "108"]
[EventDate "2023.06.23"]
[EventType "swiss"]
[EventRounds "5"]
[EventCountry "CAN"]

1. e4 c5 2. b4 cxb4 3. Nf3 e6 4. d4 d5 5. e5 b6 6. a3 Ba6 7. Bxa6 Nxa6 8. axb4
Nxb4 9. c3 Nc6 10. Qa4 Qd7 11. O-O Na5 12. Qc2 h5 13. Na3 Nh6 14. Qb1 Nf5 15.
Bg5 Be7 16. Re1 Rc8 17. Bd2 Bxa3 18. Rxa3 Nc4 19. Rb3 Nh4 20. Bg5 Nxf3+ 21.
gxf3 Rc7 22. h4 a5 23. Rxb6 Nxb6 24. Qxb6 Rxc3 25. Qxa5 Rc4 26. Qa8+ Rc8 27.
Qa3 Rf8 28. Rb1 f6 29. Bf4 Kf7 30. Rb6 Rc6 31. Rb4 f5 32. Qb3 Rfc8 33. Rb7 R6c7
34. Rb4 Ra8 35. Bg5 Qc6 36. Rb8 Rxb8 37. Qxb8 Rc8 38. Qa7+ Qc7 39. Qa3 Rb8 40.
Kg2 Qd7 41. Be3 Kg8 42. Qa6 Rf8 43. Bf4 Qf7 44. Qb6 Qg6+ 45. Kh2 Kh7 46. Qb7
Kh8 47. Kh1 Qf7 48. Qa6 Rb8 49. Qa2 Kh7 50. Kh2 Rb4 51. Qd2 Rb1 52. Bg5 Qa7 53.
Bd8 Qa1 54. Kg3 Rd1 0-1

[Event "Laval op"]
[Site "Laval CAN"]
[Date "2023.06.24"]
[Round "3.24"]
[White "Eltafi, Ali Sina"]
[Black "Peloquin, Charli"]
[Result "0-1"]
[WhiteElo "1510"]
[BlackElo "1932"]
[PlyCount "82"]
[EventDate "2023.06.23"]
[EventType "swiss"]
[EventRounds "5"]
[EventCountry "CAN"]

1. e4 Nf6 2. e5 Nd5 3. d4 d6 4. c4 Nb6 5. Nf3 Bf5 6. Bd3 Qd7 7. a4 Bxd3 8. Qxd3
Nxa4 9. Qb3 Nb6 10. Nc3 e6 11. O-O Qc6 12. Nb5 a6 13. d5 exd5 14. cxd5 Qxb5 15.
Qc2 Nxd5 16. Qf5 Qd7 17. Qd3 dxe5 18. Nxe5 Qd8 19. Qb3 b5 20. Qf3 f6 21. Bg5
Qd6 22. Qh5+ g6 23. Nxg6 hxg6 24. Qxh8 fxg5 25. Rfe1+ Kf7 26. Rad1 c6 27. Re5
Qf6 28. Qh7+ Bg7 29. Rde1 Nd7 30. Re6 Qf5 31. Rxc6 Rh8 32. Qxh8 Bxh8 33. Rxa6
Bd4 34. Rf1 Ne3 35. Re1 Nxg2 36. Rf1 Qh3 37. Ra3 Qxa3 38. bxa3 Nf4 39. Rb1 Ne2+
40. Kf1 Nc3 41. a4 Nxb1 0-1